Life sciences and biotechnology: a strategy for Europe (Record no. 49251)

MARC details
000 -LEADER
fixed length control field 00914nam a2200193 a 4500
008 - FIXED-LENGTH DATA ELEMENTS--GENERAL INFORMATION
fixed length control field 100621s2002 ||||||||||||||||| || u
020 ## - INTERNATIONAL STANDARD BOOK NUMBER
International Standard Book Number 9289433884
050 ## - LIBRARY OF CONGRESS CALL NUMBER
Classification number EURO(02)
110 ## - MAIN ENTRY--CORPORATE NAME
Corporate name or jurisdiction name as entry element EUROPEAN COMMISSION
245 10 - TITLE STATEMENT
Title Life sciences and biotechnology: a strategy for Europe
260 ## - PUBLICATION, DISTRIBUTION, ETC.
Place of publication, distribution, etc. Luxembourg:
Name of publisher, distributor, etc. Office for Official Publications of the European Communities
Date of publication, distribution, etc. 2002
300 ## - PHYSICAL DESCRIPTION
Extent 46p.: ill
350 ## - PRICE (NR) (BK AM CF MU VM SE) [OBSOLETE]
Price 0.00
500 ## - GENERAL NOTE
General note Communication from the Commission to the European Parliament, the Council, the Economic and Social Committee and the Committee of the Regions.
650 ## - SUBJECT ADDED ENTRY--TOPICAL TERM
Topical term or geographic name entry element BIOTECHNOLOGY INDUSTRIES--EUROPEAN UNION COMMUNITIES
650 #7 - SUBJECT ADDED ENTRY--TOPICAL TERM
Topical term or geographic name entry element SCIENCE
Source of heading or term fast
650 #0 - SUBJECT ADDED ENTRY--TOPICAL TERM
Topical term or geographic name entry element BIOTECHNOLOGY--ECONOMIC ASPECTS--EUROPEAN UNION COMMUNITIES
995 ## - RECOMMENDATION 995 [LOCAL, UNIMARC FRANCE]
-- 0.00
-- CBU-MAIN LIBRARY (Kitwe)
-- 1
-- 0.00
-- 1
-- AVAILABLE
-- Jun 21, 2010
-- International Publications
Holdings
Withdrawn status Lost status Source of classification or shelving scheme Damaged status Not for loan Home library Current library Shelving location Date acquired Total Checkouts Full call number Barcode Date last seen Price effective from Koha item type
          CBU-MAIN LIBRARY, KITWE. CBU-MAIN LIBRARY, KITWE.   11/30/2022   EURO(02) Z03006543 11/30/2022 11/30/2022 MONOGRAPH